Prices, income and public policy (Record no. 20970)

MARC details
000 -LEADER
fixed length control field 00279nam a2200109Ia 4500
082 ## - DEWEY DECIMAL CLASSIFICATION NUMBER
Classification number 338.5.01
Item number ALL
100 ## - MAIN ENTRY--AUTHOR NAME
Personal name ALLEN, C Lee
245 #0 - TITLE STATEMENT
Title Prices, income and public policy
260 ## - PUBLICATION, DISTRIBUTION, ETC. (IMPRINT)
Place of publication New York
Name of publisher Mcgraw Hill
Year of publication 1959
942 ## - ADDED ENTRY ELEMENTS (KOHA)
Koha item type Books
Holdings
Withdrawn status Lost status Damaged status Not for loan Home library Current library Date acquired Full call number Accession Number Koha item type
        RRII Library RRII Library 16/12/2021 338.5.01 ALL 01692 Books